El Señor es mi pastor
में बचाया:
| मुख्य लेखक: | |
|---|---|
| स्वरूप: | पुस्तक |
| भाषा: | स्पेनिश |
| प्रकाशित: |
Santiago
Ediciones Paulinas
1962
|
| संस्करण: | 1a. ed |
| श्रृंखला: | Colección Bíblica, 14
|
| विषय: | |
| टैग: |
टैग जोड़ें
कोई टैग नहीं, इस रिकॉर्ड को टैग करने वाले पहले व्यक्ति बनें!
|
MARC
| LEADER | 00000cam a2200000 a 4500 | ||
|---|---|---|---|
| 001 | UCE4357 | ||
| 003 | CL-VaPUC | ||
| 008 | 141023e19620000cl |||||||||||||||||spa|d | ||
| 082 | 0 | 4 | |a 222.1 |b GOU |2 21 |
| 100 | |a Gourbillon, J. G |e author |9 576936 | ||
| 245 | 1 | 3 | |a El Señor es mi pastor |
| 250 | |a 1a. ed | ||
| 300 | |a 70 p | ||
| 942 | |c BK | ||
| 945 | |d 20141023 15:21:00 |a dcastane | ||
| 260 | |a Santiago |b Ediciones Paulinas |c 1962 | ||
| 650 | 0 | |a Antiguo testamento |9 313678 | |
| 650 | 0 | |a Biblia |9 257603 | |
| 583 | |a last modification |c 20141023 15:21:00 |k Rodrigo Vera | ||
| 490 | 0 | |a Colección Bíblica, 14 | |
| 999 | |c 357352 |d 357350 | ||
| 952 | |0 0 |1 0 |3 erb |4 0 |6 222_100000000000000_GOU_1962 |7 0 |8 P |9 465250 |a BIBTEO |b BIBTES |c TEO_FTES |i 5119111 |o 222.1 GOU 1962 |p 5119111 |r 2024-01-18 |w 2019-11-23 |y BK |z Catalogado en:20141023 |k ICR | ||